Sports Quiz

Random Sports or NFL Quiz

NFL Last Drafted QB by College Quiz Stats

 Plays Quiz Updated Sep 26, 2018

Challenge
Share
Tweet
Embed
Score 0/55 Timer 07:00
11 Plays Today
College Quarterback % Correct
UtahAlex Smith
80%
FloridaTim Tebow
78.8%
Ohio StateCardale Jones
77.4%
WyomingJosh Allen
76.2%
TexasColt McCoy
73.3%
Boston CollegeMatt Ryan
72.9%
Florida StateJameis Winston
72.6%
OklahomaBaker Mayfield
72.1%
MississippiChad Kelly
72%
DelawareJoe Flacco
71.5%
West VirginiaGeno Smith
67.9%
USCSam Darnold
67.7%
MissouriBlaine Gabbert
67.1%
North CarolinaMitchell Trubisky
65.3%
Notre DameDeShone Kizer
64%
GeorgiaAaron Murray
63.9%
AuburnCam Newton
63.6%
VanderbiltJay Cutler
63%
Central FloridaBlake Bortles
62.8%
TCUAndy Dalton
60.4%
CaliforniaDavis Webb
59.3%
SyracuseRyan Nassib
57.9%
BaylorBryce Petty
57%
MichiganJake Rudock
51.2%
Kansas StateJosh Freeman
49.6%
OregonMarcus Mariota
49.6%
North Carolina StateJacoby Brissett
49.4%
MarshallByron Leftwich
49.3%
College Quarterback % Correct
LouisvilleLamar Jackson
47.7%
Miami (OH)Zac Dysert
46.7%
ArizonaNick Foles
38.8%
Texas A&MJohnny Manziel
37.7%
Oklahoma StateMason Rudolph
37.3%
StanfordKevin Hogan
37.1%
LSUDanny Etling
36.6%
AlabamaAJ McCarron
36.2%
Michigan StateConnor Cook
35.6%
WisconsinRussell Wilson
35.3%
Miami (FL)Brad Kaaya
35%
CincinnatiTony Pike
34.6%
ClemsonDeshaun Watson
31.6%
VirginiaMatt Schaub
31.5%
UCLAJosh Rosen
29.8%
HoustonKevin Kolb
29.4%
IowaC.J. Beathard
25.1%
PurdueCurtis Painter
23.3%
Central MichiganDan LeFevour
21.4%
NorthwesternTrevor Siemian
20.3%
Arizona StateBrock Osweiler
19.7%
KentuckyAndre Woodson
19.6%
TennesseeJoshua Dobbs
14.7%
Virginia TechLogan Thomas
13.9%
Texas TechPatrick Mahomes
11.4%
PittsburghNathan Peterman
10.6%
IllinoisKurt Kittner
8.2%

You're not logged in!

Compare scores with friends on all Sporcle quizzes.
OR
Log In

You Might Also Like...

Show Comments

Extras

Top Quizzes Today


Score Distribution

Your Account Isn't Verified!

In order to create a playlist on Sporcle, you need to verify the email address you used during registration. Go to your Sporcle Settings to finish the process.

Report this User

Report this user for behavior that violates our Community Guidelines.

Details: